Statistiken für Somalia-Quiz

Klicken Sie hier um das Quiz zu spielen!

Allgemein

  • Dieses Quiz wurde 967 mal gespielt
  • Das Durchschnittsergebnis liegt bei 10 aus 15

Antwortstatistiken

FrageAntwort% Korrekt
NachbarlandÄthiopien
94%
Halbinsel auf der Somalia liegt{Horn} von Afrika
92%
NachbarlandKenia
92%
Religion, zu der mehr als 99% der Bürger Somalias angehörenIslam
91%
NachbarlandDschibuti
90%
Hauptstadt von SomaliaMogadischu
86%
Europäisches Land, das die 3/4 des Süden von Somalia kolonisierteItalien
84%
Wüstentier, das in der Region Somalias um 3000 v. Chr. gezähmt wurdeKamel
78%
AmtssprachenArabisch
75%
Delikt, für das Somalia im 21. Jahrhundert bekannt wurde
(Tipp: Captain Phillips)
Piraterie
67%
AmtssprachenSomali
66%
Meeresgolf zwischen Somalia und JemenGolf von {Aden}
63%
Währung SomaliasSchilling
28%
Somalisches Model, die 1992 David Bowie heirateteIman
22%
Ehemaliges Reich um den Norden Somalias, das ein wichtiger Handelspartner von Ägypten warPunt
15%

Verteilung der Resultate

Perzentil nach korrekt beantworteten Fragen

Anzahl Personen mit jedem Resultat

Ihre Resultats-Entwicklung

Sie haben dieses Quiz noch nicht gespielt